000
00343nam a2200133Ia 4500
003
GCL
008
140319s9999 xx 000 0 ara d
040
_a
GCL /
_c
GCL
082
0
4
_a
338.9
_b
أ ت
245
1
0
_a
فى التنمية العربة
260
_a
[S.N] :
_b
دار المستقبل العربى ،
_c
1983
300
_a
185 ص
490
_a
999
_c
34881
_d
34881